000 00370nam a2200133 i 4500
001 bg
100 1 _aJASTRZĘBSKI, Włodzimierz
245 0 _aTerror i zbrodnia. Eksterminacja ludności polskiej i żydowskiej /
_cWłodzimierz Jastrzębski.
260 _aWarszawa,
_c1974.
040 _cBPK
041 _apol
942 _cKS
008 s pl f |000 0 pol
999 _c16596
_d16596
856 _uhttp://koha.tu.koszalin.pl/cgi-bin/koha/opac-detail.pl?biblionumber=16596
_yKatalog online BPK